_College Algebra Enhance with Graphing Utilities Michael Sullivan (Record no. 12349)
[ view plain ]
| 000 -LEADER | |
|---|---|
| fixed length control field | 00504nam a2200169Ia 4500 |
| 008 - FIXED-LENGTH DATA ELEMENTS--GENERAL INFORMATION | |
| fixed length control field | 151021s9999 xx 000 0 und d |
| 020 ## - INTERNATIONAL STANDARD BOOK NUMBER | |
| International Standard Book Number | 130655929 |
| 050 ## - LIBRARY OF CONGRESS CALL NUMBER | |
| Classification number | QA154.3.S765 2003 |
| 245 ## - TITLE STATEMENT | |
| Title | _College Algebra Enhance with Graphing Utilities Michael Sullivan |
| 260 ## - PUBLICATION, DISTRIBUTION, ETC. (IMPRINT) | |
| Place of publication, distribution, etc. | New Jersey Prentice hall 2003 |
| 300 ## - PHYSICAL DESCRIPTION | |
| Extent | xxxiii,757p.;ill |
| 500 ## - GENERAL NOTE | |
| General note | include index |
| 500 ## - GENERAL NOTE | |
| General note | include index |
| 650 ## - SUBJECT ADDED ENTRY--TOPICAL TERM | |
| Topical term or geographic name as entry element | _Algebra |
| 700 ## - ADDED ENTRY--PERSONAL NAME | |
| Personal name | _Sullivan Michael, III |
| 980 ## - EQUIVALENCE OR CROSS-REFERENCE-SERIES STATEMENT--PERSONAL NAME/TITLE [LOCAL, CANADA] | |
| Personal name | ^d20120814 12:25:17^okorir |
No items available.